LEADER 01668nam 2200397Ia 450 001 996386445403316 005 20221108093240.0 035 $a(CKB)4940000000082632 035 $a(EEBO)2240884807 035 $a(OCoLC)17163176 035 $a(EXLCZ)994940000000082632 100 $a19871203d1695 uy | 101 0 $aeng 135 $aurbn||||a|bb| 200 14$aThe political will and testament of that great minister of state, Cardinal Duke de Richelieu$b[electronic resource] $efrom whence Lewis the XIV, the present French king, has taken his measures and maxims of government : in two parts /$fdone out of French 210 $aLondon $cPrinted and are to be sold by the booksellers of London and VVestminster$dMDCXCV [1695] 215 $a[12], 203, [1], 171, [5] p 300 $aAlso attributed to Paul Hay, marquis Du Chastelet. Cf. NUC pre-1956 imprints. 300 $aImperfect: faded, with print show-through and slight loss of print. 300 $aReproduction of original in the Huntington Library. 330 $aeebo-0113 606 $aPolitical science$zFrance$vEarly works to 1800 606 $aState, The 607 $aFrance$xPolitics and government$y1610-1643 615 0$aPolitical science 615 0$aState, The. 700 $aRichelieu$b Armand Jean du Plessis$cduc de,$f1585-1642.$0262964 701 $aDu Chastelet$b Paul Hay$cmarquis,$fb. ca. 1630.$01010429 801 0$bEAH 801 1$bEAH 801 2$bUMI 801 2$bWaOLN 906 $aBOOK 912 $a996386445403316 996 $aThe political will and testament of that great minister of state, Cardinal Duke de Richelieu$92423581 997 $aUNISA LEADER 03282nam 22006495 450 001 9910488699803321 005 20220502140903.0 010 $a9789811632686 010 $a9811632685 024 7 $a10.1007/978-981-16-3268-6 035 $a(CKB)5590000000516549 035 $a(MiAaPQ)EBC6676183 035 $a(Au-PeEL)EBL6676183 035 $a(OCoLC)1258655412 035 $a(DE-He213)978-981-16-3268-6 035 $a(EXLCZ)995590000000516549 100 $a20210623d2021 u| 0 101 0 $aeng 135 $aurcnu|||||||| 181 $ctxt$2rdacontent 182 $cc$2rdamedia 183 $acr$2rdacarrier 200 10$a?One Belt and One Road? and China?s Education Development $eA Policy Analysis Perspective /$fby Jian Li, Eryong Xue 205 $a1st ed. 2021. 210 1$aSingapore :$cSpringer Nature Singapore :$cImprint: Springer,$d2021. 215 $a1 online resource (121 pages) 225 1 $aExploring Education Policy in a Globalized World: Concepts, Contexts, and Practices,$x2730-6364 311 08$a9789811632679 311 08$a9811632677 320 $aIncludes bibliographical references. 327 $aThe Macro-level education policy in ?The Belt and Road? Strategy: A policy text analysis -- Promoting the Implementation of ?The Belt and Road? Strategy: A local practice policy analysis -- Policy analysis of the implementation of the "One Belt and One Road" initiative in China?s vocational education -- The policy analysis of the higher education for ?One Belt and One Road? initiatives implementation -- Policy analysis of ?One Belt and One Road? initiatives in China?s basic education system -- Policy Analysis on ?the Belt and Road? Initiative for Students Studying in China. 330 $aThis book investigates the endogenous forces in the relation of ?One Belt and One Road? and educational development in China. The conceptual framework of analyzing the relations offers an in-depth understanding of the vocational education, higher education system, and basic education system, locally, nationally, and internationally. The current situations, problems, and strategies of addressing the relation of ?One Belt and One Road? and educational development in China have been explored in this book. 410 0$aExploring Education Policy in a Globalized World: Concepts, Contexts, and Practices,$x2730-6364 606 $aEducation and state 606 $aEducation, Higher 606 $aInternational education 606 $aComparative education 606 $aEducational Policy and Politics 606 $aHigher Education 606 $aInternational and Comparative Education 615 0$aEducation and state. 615 0$aEducation, Higher. 615 0$aInternational education. 615 0$aComparative education. 615 14$aEducational Policy and Politics. 615 24$aHigher Education. 615 24$aInternational and Comparative Education. 676 $a382.30951 700 $aLi$b Jian$0846202 702 $aXue$b Eryong 801 0$bMiAaPQ 801 1$bMiAaPQ 801 2$bMiAaPQ 906 $aBOOK 912 $a9910488699803321 996 $a"One Belt and One Road" and China's education development$92816212 997 $aUNINA